Представление документа в формате RUSMARC

ПолеНазваниеЗначение
  Тип записи a
  Библиографический уровень m
001 Контрольный номер 9b3a8beafbd2405ea1e4bd6c51bcbcfe
005 Дата корректировки 20260617161210.8
010 Индекс ISBN __
a ISBN 978-5-9614-9934-6
b Уточнения в пер.
010 Индекс ISBN __
a ISBN 978-5-9614-8975-0
b Уточнения сер.
9 Тираж 2000 экз.
d Цена 361-41
100 Данные общей обработки __
a Данные общей обработки 20260603d2026 bc y0rusy028902 ca
101 Язык документа 0_
a Язык текста rus
102 Страна публикации __
a Страна публикации RU
105 Кодированные данные (монография) __
a Кодированные данные (монография) a z 000yy
181 Поле кодированных данных: вид содержания _0
a Код вида содержания (ISBD) i
181 Поле кодированных данных: вид содержания _0
a Код вида содержания (ISBD) b
182 Поле кодированных данных: тип средства _0
a Код типа средства (ISBD) n
200 Заглавие и сведения об ответственности 1_
a Заглавие Я знаю, что я ем! Соль
e Сведения, относящиеся к заглавию [для детей от трех лет : для чтения взрослыми детям]
f Первые сведения об ответственности Евгения Чернышова
g Последующие сведения об ответственности нарисовала Ксения Коротеева
203 Вид содержания и тип средства __
a Вид содержания Текст
a Вид содержания Изображение
c Тип средства непосредственные
b Характеристика содержания неподвижное
b Характеристика содержания двухмерное
210 Выходные данные 1_
a Место издания Москва
c Издательство Альпина Паблишер
c Издательство Альпина.дети
d Дата издания 2026
215 Физическое описание __
a Объем 31 с.
c Иллюстрации/тип воспроизводства цв. ил.
d Формат 19х18 см
225 Серия 2_
a Серия Серия "Я знаю, что я ем"
300 Общие примечания __
a Общие примечания На обложке: Советы от нутрициолога Марии Кардаковой
330 Аннотация __
a Аннотация Катя с родителями впервые отдыхает на море. Какое же оно огромное, синее и… солёное! Кто же его посолил? Родители расскажут Кате, что такое соль и откуда она берётся, какой бывает, чем полезна для нашего организма и почему, при всей пользе, с солью в еде лучше не перебарщивать. Катя также узнает, как соль используют в кулинарии, чем её можно заменить при приготовлении блюд, и даже о том, как вырастить настоящий кристалл соли у себя дома. А ещё научится готовить полезные и вкусные блюда - с солью и без неё.
333 Примечание о целевом назначении __
a Примечание о целевом назначении 0+
517 Другие варианты заглавия 1_
a Другие варианты заглавия Соль
517 Другие варианты заглавия 1_
a Другие варианты заглавия Я знаю, что я ем
606 Тематические рубрики __
a Основная рубрика Пищевые производства
2 Код системы nlr_sh
606 Тематические рубрики __
a Основная рубрика Общие вопросы пищевых производств
2 Код системы nlr_sh
610 Ключевые слова 0_
a Ключевые слова детская литература
610 Ключевые слова 0_
a Ключевые слова познавательная литература
610 Ключевые слова 0_
a Ключевые слова развивающая литература
610 Ключевые слова 0_
a Ключевые слова соль в питании
610 Ключевые слова 0_
a Ключевые слова добыча соли
610 Ключевые слова 0_
a Ключевые слова детская кулинария
610 Ключевые слова 0_
a Ключевые слова детская кухня
610 Ключевые слова 0_
a Ключевые слова кулинарные рецепты
610 Ключевые слова 0_
a Ключевые слова приготовление блюд
610 Ключевые слова 0_
a Ключевые слова рецепты (кулинария)
610 Ключевые слова 0_
a Ключевые слова культура питания
686 Индексы других классификаций __
2 Код системы rubbks
a Классификационный индекс Д
700 Автор _1
a Фамилия Чернышова
b Имя Е. Н.
g Полное личное имя Евгения Николаевна
4 Код отношения 070
f Даты 1985-
702 Вторичная интеллектуальная ответственность _1
a Фамилия Коротеева
b Имя К. А.
4 Код отношения 440
g Полное личное имя Ксения Александровна
801 Источник записи _0
a Страна RU
b Организация Муниципальное бюджетное учреждение культуры "Централизованная библиотечная система" г. Сургут (Центральная городская библиотека им. А. С. Пушкина)
c Дата составления 20260603
g Правила каталогизации PSBO
801 Источник записи _1
a Страна RU
b Организация Муниципальное бюджетное учреждение культуры "Централизованная библиотечная система" г. Сургут (Центральная городская библиотека им. А. С. Пушкина)
c Дата составления 20260603
g Правила каталогизации PSBO
852 Данные о местонахождении __
j Шифр хранения Д
i Авторский знак Ч-49
900 Макрообъекты __
a Макрообъекты Я знаю, что я ем! Соль. Чернышова, Е. Н., 2026
901 Тип документа __
t Тип документа m
a Ответственный ООФиК/Волкова
901 Тип документа __
a Ответственный 7 партия
903 Характеристики (МАРС) __
a Дата передачи 20260603
c Наименование библиотеки (МАРС) Муниципальное бюджетное учреждение культуры "Централизованная библиотечная система" г. Сургут (Центральная городская библиотека им. А. С. Пушкина)
969 Тип издания __
a Тип издания брошюра
a Тип издания издание для детей
a Тип издания научно-популярное издание
a Тип издания Ф 26
990 Данные о заказе (DOS) __
j Количество экземпляров (DOS) 5
t N записи в КСУ для И/У (DOS) 202607